ARRUPE JESUIT UNIVERSITY

CORONAVIRUS -STOP THE SPREAD - CLEAN,DISINFECT,COVER

Reflective teaching in higher education; (Record no. 131744)

MARC details
000 -LEADER
fixed length control field 00487nam a22001577a 4500
008 - FIXED-LENGTH DATA ELEMENTS--GENERAL INFORMATION
fixed length control field 230414b |||||||| |||| 00| 0 eng d
020 ## - INTERNATIONAL STANDARD BOOK NUMBER
International Standard Book Number 9781441197559.
050 ## - LIBRARY OF CONGRESS CALL NUMBER
Classification number LB2331.A776 2015.
100 ## - MAIN ENTRY--PERSONAL NAME
Personal name Ashwin, Paul.
9 (RLIN) 52325
245 ## - TITLE STATEMENT
Title Reflective teaching in higher education;
Statement of responsibility, etc Paul Ashwin.
260 ## - PUBLICATION, DISTRIBUTION, ETC. (IMPRINT)
Place of publication, distribution, etc London:
Name of publisher, distributor, etc Bloomsbury Academic.
Date of publication, distribution, etc 2015.
300 ## - PHYSICAL DESCRIPTION
Extent xiv;
Other physical details 416p,
Dimensions 25cm.
650 ## - SUBJECT ADDED ENTRY--TOPICAL TERM
Topical term or geographic name as entry element College teaching.
9 (RLIN) 13112
650 ## - SUBJECT ADDED ENTRY--TOPICAL TERM
Topical term or geographic name as entry element reflective teaching.
9 (RLIN) 52326
942 ## - ADDED ENTRY ELEMENTS (KOHA)
Source of classification or shelving scheme Library of Congress Classification
Item type Monograph ( Printed materials)
Holdings
Withdrawn status Lost status Source of classification or shelving scheme Damaged status Not for loan Home library Current library Shelving location Date acquired Total Checkouts Full call number Barcode Date last seen Price effective from Koha item type
    Library of Congress Classification     ARRUPE LIBRARY ARRUPE LIBRARY Main Collection 14/04/2023   LB2331.A776 2015. 46700000276 14/04/2023 14/04/2023 Monograph ( Printed materials)

 

Arrupe Library. PO Box MP320 Mt Pleasant, Harare, Zimbabwe
263 242 745411|librarian@aju.ac.zw